| 000 | 01172nem0a2200301 4500 | ||
|---|---|---|---|
| 001 | RU\NLR\cart\7807 | ||
| 005 | 20250614031109.0 | ||
| 035 | _a(NLR Aleph) 010295387 | ||
| 090 |
_a10568852 _c10568852 |
||
| 100 | _a20121023d1992 |||y0rusy50 ca | ||
| 101 | 0 | _arus | |
| 102 | _aRU | ||
| 120 | _abya xx|| | ||
| 123 | 1 |
_aa _b300 000 |
|
| 200 | 1 |
_aУсть-Цилемский район _bКарты _eЭкскурсионно - туристическая карта |
|
| 206 | _a1:300 000, 3 км в 1 см | ||
| 210 |
_a[Б. м.] _d[1992] |
||
| 215 |
_a1 к. _cцв., текст _d72х56 см, слож. 25х15 см |
||
| 300 | _aВ надзаг.: 450 лет Усть-Цильме | ||
| 316 | _aС автогр. Чупрова Александра Филипповича | ||
| 509 | 0 | 1 |
_7ca _aУсть-Цилемский _cреспублика Коми _hрайон _92635084 _3RU\NLR\auth_crt\551915 |
| 606 | 0 |
_aОбщегеографические _xСреднемасштабные _92177728 _3RU\NLR\auth_crt\6610 |
|
| 620 | _aРоссия | ||
| 801 | 0 |
_aRU _bNLR _c20121023 _gPSBO |
|
| 852 |
_aNLR _bК _j4-Сев 3/763 _m85887 |
||
| 942 | _cMAP | ||
| 980 | _aNB | ||